Qué es el judaísmo? : una interpretación para nuestra época /
Saved in:
| Main Author: | |
|---|---|
| Other Authors: | |
| Format: | Book |
| Language: | Spanish |
| Published: |
Buenos Aires :
Lilmod,
2005.
|
| Series: | Colección Estudios y reflexiones ;
3. |
| Subjects: | |
| Tags: |
Add Tag
No Tags, Be the first to tag this record!
|
| LEADER | 00794namaa22002534a 4500 | ||
|---|---|---|---|
| 001 | 009802016-1 | ||
| 005 | 20090603005704.0 | ||
| 008 | 060306s2005 ag rb 000 0 spa d | ||
| 020 | |a 9872189730 | ||
| 020 | |a 9789872189730 | ||
| 035 | 0 | |a ocn317287943 | |
| 090 | |a BM561 |b .F2418 2005x | ||
| 100 | 1 | |a Fackenheim, Emil L. | |
| 240 | 1 | 0 | |a What is Judaism? : |l Spanish |
| 245 | 1 | 0 | |a Qué es el judaísmo? : |b una interpretación para nuestra época / |c Emil Fackenheim ; traducción de Mariana Kosmal. |
| 260 | |a Buenos Aires : |b Lilmod, |c 2005. | ||
| 300 | |a 295 p. ; |c 20 cm. | ||
| 490 | 1 | |a Colección Estudios y reflexiones ; |v 3 | |
| 650 | 0 | |a Judaism. | |
| 650 | 0 | |a Judaism |x History. | |
| 700 | 1 | |a Kosmal, Mariana. | |
| 830 | 0 | |a Colección Estudios y reflexiones ; |v 3. | |
| 988 | |a 20051114 | ||
| 906 | |0 MH | ||


